000 01236cam a2200349 a 4500
001 5529
003 FISKH
005 20250404102133.0
008 980923s1999 nyua c 000 1 eng
010 _a 98040958
020 _a0060280778
020 _a0060280786 (lib. bdg.)
040 _aDLC
_cDLC
_dDLC
_beng
050 _aPZ7.M992
082 _a813.54
100 1 _aMyers, Walter Dean,
_d1937-2014.
245 1 0 _aMonster /
_cWalter Dean Myers ; illustrations by Christopher Myers.
260 _aNew York :
_bHarperCollins Publishers,
_c1999.
300 _a281 pages :
_billustrations ;
_c20 cm
505 _aQ
520 _aWhile on trial as an accomplice to a murder, sixteen-year-old Steve Harmon records his experiences in prison and in the courtroom in the form of a film script as he tries to come to terms with the course his life has taken.
521 8 _a670
_bLexile
521 8 _aQ
_bRaz-Plus
650 1 _aTrials (Murder)
_vFiction.
650 1 _aPrisons
_vFiction.
650 1 _aSelf-perception
_vFiction.
650 1 _aAfrican Americans
_vFiction.
700 1 _aMyers, Christopher,
_eillustrator
906 _a7
_bcbc
_corignew
_d1
_eocip
_f19
_gy-gencatlg
942 _2ddc
_cBK
_n0
999 _c5529
_d5529